|
|
|
|
| LEADER |
00000nab a2200000 ar4500 |
| 001 |
vtls008954130 |
| 003 |
SK-MaSNL |
| 005 |
20260319071315.0 |
| 008 |
070215c20070215xo |||||||| 000 b|hun |
| 015 |
|
|
|a SNBRB2007/02
|2 snkbucl
|
| 038 |
|
|
|a SNKBUCL
|
| 040 |
|
|
|a DSZK
|b slo
|c DSZK
|e AACR2
|
| 041 |
0 |
|
|a hun
|
| 044 |
|
|
|a xo
|c SK
|
| 080 |
|
|
|a 32
|x (437.6)
|2 1997
|
| 080 |
|
|
|a 32-051
|2 1997
|
| 080 |
|
|
|a 343.352
|x (437.6)
|2 1997
|
| 245 |
0 |
0 |
|a Tudtam, hogy le akarnak járatni és lehallgatnak, ezért beszéltem virágnyelven
|b az MKP képviselője nyilatkozott lapunknak a lehallgatott telefonbeszélgetésről
|c [szerző] (dem), A. Nagy László
|
| 600 |
1 |
7 |
|a Nagy, László A.
|d 1948-
|x kauza odpočúvania
|2 snkbucl
|9 1067545
|
| 650 |
0 |
7 |
|a korupcia
|z Slovensko
|2 snkbucl
|9 567065
|
| 651 |
|
7 |
|a Slovensko
|x politika
|x korupcia
|2 snkbucl
|9 1067546
|
| 773 |
0 |
|
|t Új szó
|g Évf. 60, sz. 38 (15.2.2007), o. 1
|
| 852 |
|
|
|a SNK
|b KIS3GCP
|
| 852 |
|
|
|a DSZK
|b KIS3GCP
|
| 958 |
|
|
|a HU
|
| 958 |
|
|
|a SK
|
| 999 |
|
|
|c 1754762
|d 1756692
|